<?xml version="1.0" encoding="UTF-8"?>
<collection xmlns="http://www.loc.gov/MARC21/slim">
 <record>
  <leader>01993nam a22002777a 4500</leader>
  <controlfield tag="001">NCT_28337</controlfield>
  <controlfield tag="008">180410b        xxu||||| |||| 00| 0 vie d</controlfield>
  <datafield tag="999" ind1=" " ind2=" ">
   <subfield code="c">1360</subfield>
   <subfield code="d">1360</subfield>
  </datafield>
  <datafield tag="020" ind1=" " ind2=" ">
   <subfield code="a">9786046625612</subfield>
   <subfield code="c">450000</subfield>
  </datafield>
  <datafield tag="082" ind1="0" ind2="4">
   <subfield code="2">23rd ed.</subfield>
   <subfield code="a">616</subfield>
   <subfield code="b">A100</subfield>
  </datafield>
  <datafield tag="100" ind1="1" ind2=" ">
   <subfield code="a">Nguyễn Quốc Anh</subfield>
   <subfield code="e">Chủ biên</subfield>
  </datafield>
  <datafield tag="245" ind1="1" ind2="0">
   <subfield code="a">Hướng dẫn chẩn đoán và điều trị bệnh nội khoa</subfield>
   <subfield code="b">Cẩm nang nghiệp vụ của bác sĩ lâm sàng</subfield>
   <subfield code="c">Nguyễn Quốc Anh (chủ biên)</subfield>
  </datafield>
  <datafield tag="250" ind1=" " ind2=" ">
   <subfield code="a">Tái bản lần thứ 2 có sữa chữa</subfield>
  </datafield>
  <datafield tag="260" ind1=" " ind2=" ">
   <subfield code="a">H.</subfield>
   <subfield code="b">Y học</subfield>
   <subfield code="c">2017</subfield>
  </datafield>
  <datafield tag="300" ind1=" " ind2=" ">
   <subfield code="a">798 tr.</subfield>
   <subfield code="b">Minh họa</subfield>
   <subfield code="c">27cm</subfield>
  </datafield>
  <datafield tag="500" ind1=" " ind2=" ">
   <subfield code="a">ĐTTS ghi: Bộ Y Tế - Bệnh viện Bạch Mai</subfield>
  </datafield>
  <datafield tag="520" ind1=" " ind2=" ">
   <subfield code="a">Cuốn sách bao gồm 203 hướng dẫn chẩn đoán và điều trị các bệnh thường gặp trên nhiều lĩnh vực nội khoa. Cuốn sách có nhiều kiến thức mới, với kinh nghiệm quý báu của các Thầy thuốc đầu ngành công tác tại Bệnh viện Bạch Mai</subfield>
  </datafield>
  <datafield tag="653" ind1=" " ind2=" ">
   <subfield code="a">Y đa khoa</subfield>
  </datafield>
  <datafield tag="700" ind1="1" ind2=" ">
   <subfield code="a">Ngô Quý Châu</subfield>
   <subfield code="e">Chủ biên</subfield>
  </datafield>
  <datafield tag="942" ind1=" " ind2=" ">
   <subfield code="2">ddc</subfield>
   <subfield code="c">BK</subfield>
  </datafield>
  <datafield tag="952" ind1=" " ind2=" ">
   <subfield code="0">0</subfield>
   <subfield code="1">0</subfield>
   <subfield code="2">ddc</subfield>
   <subfield code="4">0</subfield>
   <subfield code="6">616_000000000000000_A100</subfield>
   <subfield code="7">0</subfield>
   <subfield code="9">6745</subfield>
   <subfield code="a">000001</subfield>
   <subfield code="b">000001</subfield>
   <subfield code="d">2018-04-10</subfield>
   <subfield code="o">616 A100</subfield>
   <subfield code="p">MD.11443</subfield>
   <subfield code="r">2018-04-10</subfield>
   <subfield code="v">450000.00</subfield>
   <subfield code="w">2018-04-10</subfield>
   <subfield code="y">BK</subfield>
  </datafield>
  <datafield tag="952" ind1=" " ind2=" ">
   <subfield code="0">0</subfield>
   <subfield code="1">0</subfield>
   <subfield code="2">ddc</subfield>
   <subfield code="4">0</subfield>
   <subfield code="6">616_000000000000000_A100</subfield>
   <subfield code="7">0</subfield>
   <subfield code="9">6746</subfield>
   <subfield code="a">000001</subfield>
   <subfield code="b">000001</subfield>
   <subfield code="d">2018-04-10</subfield>
   <subfield code="o">616 A100</subfield>
   <subfield code="p">MD.11420</subfield>
   <subfield code="r">2018-04-10</subfield>
   <subfield code="v">450000.00</subfield>
   <subfield code="w">2018-04-10</subfield>
   <subfield code="y">BK</subfield>
  </datafield>
  <datafield tag="952" ind1=" " ind2=" ">
   <subfield code="0">0</subfield>
   <subfield code="1">0</subfield>
   <subfield code="2">ddc</subfield>
   <subfield code="4">0</subfield>
   <subfield code="6">616_000000000000000_A100</subfield>
   <subfield code="7">0</subfield>
   <subfield code="9">6747</subfield>
   <subfield code="a">000001</subfield>
   <subfield code="b">000001</subfield>
   <subfield code="d">2018-04-10</subfield>
   <subfield code="o">616 A100</subfield>
   <subfield code="p">MD.10969</subfield>
   <subfield code="r">2018-04-10</subfield>
   <subfield code="v">450000.00</subfield>
   <subfield code="w">2018-04-10</subfield>
   <subfield code="y">BK</subfield>
  </datafield>
  <datafield tag="952" ind1=" " ind2=" ">
   <subfield code="0">0</subfield>
   <subfield code="1">0</subfield>
   <subfield code="2">ddc</subfield>
   <subfield code="4">0</subfield>
   <subfield code="6">616_000000000000000_A100</subfield>
   <subfield code="7">0</subfield>
   <subfield code="9">8053</subfield>
   <subfield code="a">000001</subfield>
   <subfield code="b">000001</subfield>
   <subfield code="d">2018-05-10</subfield>
   <subfield code="o">616 A100</subfield>
   <subfield code="p">MD.10383</subfield>
   <subfield code="r">2018-05-10</subfield>
   <subfield code="v">450000.00</subfield>
   <subfield code="w">2018-05-10</subfield>
   <subfield code="y">BK</subfield>
  </datafield>
  <datafield tag="952" ind1=" " ind2=" ">
   <subfield code="0">0</subfield>
   <subfield code="1">0</subfield>
   <subfield code="2">ddc</subfield>
   <subfield code="4">0</subfield>
   <subfield code="6">616_000000000000000_A100</subfield>
   <subfield code="7">0</subfield>
   <subfield code="9">8054</subfield>
   <subfield code="a">000001</subfield>
   <subfield code="b">000001</subfield>
   <subfield code="d">2018-05-10</subfield>
   <subfield code="l">1</subfield>
   <subfield code="o">616 A100</subfield>
   <subfield code="p">MD.10384</subfield>
   <subfield code="r">2018-10-01</subfield>
   <subfield code="s">2018-09-28</subfield>
   <subfield code="v">450000.00</subfield>
   <subfield code="w">2018-05-10</subfield>
   <subfield code="y">BK</subfield>
  </datafield>
  <datafield tag="980" ind1=" " ind2=" ">
   <subfield code="a">Thư viện Trường Đại học Nam Cần Thơ</subfield>
  </datafield>
 </record>
</collection>
